000 01103naa a22003257a 4500
001 BR7705122
003 BR-BrBNA
005 20240918174044.0
007 ta
008 230509b bl.||||| |||| 00| 0 por d
040 _aBR-BrBNA
_bpor
_cBiblioteca Nacional de Agricultura
041 _a(Pt)
072 _aH20
_b0170
_b1940
_b4120
_bG514
090 _aH20 BR7705122
100 1 _aFernandes, F.T.
111 1 _a10. Reuniao Brasileira de Milho e Sorgo
_cSete Lagoas, MG (Brazil)
_d22 Jul 1974
245 1 _aDoencas de sorgo de ocorrencia em Minas Gerais [Brasil]
260 3 _aBelo Horizonte, MG (Brasil):
_c1977.
500 _aProjeto sorgo. Relatorio anual 72/73/74/75 Belo Horizonte, MG (Brasil): 1977. p. 177-183 (BR7705122-AM)H20
650 _aSORGO
650 _aANTRACNOSE
650 _aFERRUGEM
650 _aCERCOSPORIOSE
650 _aMOSAICO
650 _aMILDIO
650 _aMINAS GERAIS
773 0 _tProjeto sorgo. Relatorio anual 72/73/74/75
_wH20 BR7705122
_gBelo Horizonte, MG (Brasil), 1977. p. 177-183
909 _a202404
_bLucia
_c55
_dLucia Elande
942 _cAM
_2AGRIS
999 _c308614
_d308614